000 00625nam a22001697a 4500
003 MACL
005 20160731143201.0
008 160731b xxu||||| |||| 00| 0 eng d
040 _cMACL
041 _aHindi
082 _a340 PAN
100 _aपानथरे, आर. टी
_965886
245 _aमध्‍यप्रदेश छत्‍तीसगढ वित्‍तीय संहिता
_bभाग 1 एवं 2 हिन्‍दी
_cआर. टी. पानथरे
260 _aभोपाल
_bसुविधा लॉ हाउस
_c2011
650 _aलॉ
_933609
942 _2ddc
_cHIN
999 _c55405
_d55405